000 00367 a2200133 4500
082 _a380
_bSBP
100 _aState Bank of Pakistan
245 _aIMPORT of Goods and Services.
_cState Bank of Pakistan
250 _a2010.
260 _aPakistan
_bState Bank of Pakistan.
_c2010
300 _a308p.
500 _aPaper cover
942 _aNBS
_cBK
_k332.1224'9591 SBP
_2ddc
999 _c349180
_d349180